000 00315nam a2200133Ia 4500
008 100328s9999 xx 000 0 und d
082 _b2436
100 _aStuart Brian
245 _aDesert Adventure
260 _bG.Bell & Sons Ltd.
630 _aDesert Adventure
730 _aDesert Adventure
942 _cBOOK
999 _c498649
_d498646